000 00731nam a22001937a 4500
003 OSt
005 20240610155016.0
008 240610b ||||| |||| 00| 0 eng d
040 _cAIMIT LIBRARY
100 _aShriraksh
_e2016160
_9169920
245 _aStudy on cost of production per unit of tiles manufactured by Mangalore tiles limited at Kundapura /
_cBy Shriraksh ; Guided by Nagendra S.
260 _aUdupi ;
_c2022.
650 _aIndustry profile company profile and introduction to study
_9169921
650 _aLiterature review / mapping
_9169922
650 _aProblem identification formulation and specification
_9169923
700 _aS Nagendra.
_eGuide
_9169924
856 _3Mangalore tiles Ltd.
942 _2ddc
_cPRO
999 _c231105
_d231105